| 000 | 01212nam0a22002891 4500 | ||
|---|---|---|---|
| 001 | rc\927032 | ||
| 005 | 20041129095309.0 | ||
| 035 | _a(NLR Aleph) 006100663 | ||
| 090 |
_a5255382 _c5255382 |
||
| 100 | _a20041129d1982 u |0rusy50 ca | ||
| 101 | 0 | _arus | |
| 102 | _aRU | ||
| 105 | _aa ||||||||| | ||
| 200 | 1 |
_aОхрана окружающей среды в Швеции _e(Правовые и орг. аспекты) _e[Обзор _fХ.В. Линдпере, Ю.Л. Мартин, Г.К. Тихонов] |
|
| 210 |
_aТаллин _cЭстНИИНТИ _d1982 |
||
| 215 |
_a41 с. _cил. _d20 |
||
| 300 | _aВ надзаг.: Эст. НИИ НТИ и техн.-экон. исслед. | ||
| 320 | _aБиблиогр.: с. 39-40 | ||
| 700 | 1 |
_aЛиндпере _bХ. В. _gХейки Вольдемарович |
|
| 701 | 1 |
_aМартин _bЮ. Л. |
|
| 701 | 1 |
_aТихонов _bГ. К. _gГерман Константинович |
|
| 712 | 0 | 2 |
_aЭстонский НИИ науч.-техн. информации и техн.-экон. исследований _cТаллин _3RU\NLR\AUTH\8810024869 |
| 801 | 0 |
_aRU _bNLR _gpsbo |
|
| 801 | 1 |
_aRU _bELAR _2rusmarc |
|
| 852 |
_aNLR _j83-4/1612 |
||
| 942 | _cBOOK | ||
| 980 | _aNB | ||